Movies Quiz

Random Movies or Clickable Quiz
Score 0/18 Timer 06:00
1 Play Today
% Correct
Dorothy Gale
93.9%
Wendy Darling
92.1%
Rocky Balboa
86.6%
Aragorn
86%
Sir Lancelot
85.9%
Emmett 'Doc' Brown
84.3%
Jack Skellington
82.5%
Clarice Starling
82.4%
Jack Torrance
81.2%
% Correct
Dudley Dursley
78.1%
Hans Gruber
77.7%
Grand Moff Tarkin
77.2%
Lucius Fox
76.7%
Neytiri
74.6%
Quint
66.9%
Ilsa Lund
63.8%
Mia Wallace
62.4%
Gustave H
49.4%
Come Together.
Have Fun.
All Virtual.
We all need to come together. Play Sporcle's virtual live trivia to have fun, connect with people, and get your trivia on. Join a live hosted trivia game for your favorite pub trivia experience done virtually. If a virtual private party is more your thing, go here for details.

You're not logged in!

Compare scores with friends on all Sporcle quizzes.
OR
Log In

Sporcle TV

Today on Sporcle TV


Watch our educational content, quiz creation guides, and fun videos on Sporcle TV.

Show Comments

Extras

Top Quizzes Today


Score Distribution

Paid Content

Your Account Isn't Verified!

In order to create a playlist on Sporcle, you need to verify the email address you used during registration. Go to your Sporcle Settings to finish the process.

Report this User

Report this user for behavior that violates our Community Guidelines.

Details: